000 00819nam a2200229Ii 4500
003 JO-AjNU
008 230605s9999||||xx |||||||||||||| ||und||
017 _a2009/8/3888
020 _a9957-16-569-7
040 _aJO-AjNU
_bara
_erda
_cJO-AjNU
041 _aara
050 1 4 _aKMM80.A5848.2010
100 3 _aسلطان ، انور ,
_eauthor
_911702
245 0 0 _aمصادر الالتزام في القانون المدني : دراسة مقارنة بالفقة الإسلامي
250 _aط4
264 3 1 _aعمان : دار الثقافة ، 2010
300 _a441ص
336 _atext
_btxt
_2rdacontent
337 _aunmediated
_bn
_2rdamedia
338 _avolume
_bnc
_2rdacarrier
650 4 _aالقانون المدني -- الأردن -- أصول المحاكم -- الفقة الإسلامي
_911703
999 _aA2461
_c6029
_d6029